Truyện ngắn dự thi chọn lọc báo Văn nghệ quân đội; 1996

Enregistré dans:
Détails bibliographiques
Format: Livre
Langue:Undetermined
Publié: Hà Nội Văn học 1996
Sujets:
Tags: Ajouter un tag
Pas de tags, Soyez le premier à ajouter un tag!
Thư viện lưu trữ: Trung tâm Học liệu Trường Đại học Cần Thơ
LEADER 00538nam a2200169Ia 4500
001 CTU_15506
008 210402s9999 xx 000 0 und d
020 |b 31 500đ 
082 |a 895.922301 
082 |b V115 
245 0 |a Truyện ngắn dự thi chọn lọc báo Văn nghệ quân đội; 1996 
260 |a Hà Nội 
260 |b Văn học 
260 |c 1996 
650 |a short stories, vietnamese - 1996 
904 |i Nguyễn Quang Điền, 970411 
980 |a Trung tâm Học liệu Trường Đại học Cần Thơ